Detalles MARC
| 000 -CABECERA |
| campo de control de longitud fija |
01591nam a2200325 a 4500 |
| 001 - NÚMERO DE CONTROL |
| campo de control |
000029865 |
| 003 - IDENTIFICADOR DEL NÚMERO DE CONTROL |
| campo de control |
DO-SdBNP |
| 005 - FECHA Y HORA DE LA ÚLTIMA TRANSACCIÓN |
| campo de control |
20250116073944.0 |
| 007 - CAMPO FIJO DE DESCRIPCIÓN FÍSICA--INFORMACIÓN GENERAL |
| campo de control de longitud fija |
ta |
| 008 - DATOS DE LONGITUD FIJA--INFORMACIÓN GENERAL |
| campo de control de longitud fija |
110419s1996 dr agh 001 0 spa d |
| 040 ## - FUENTE DE LA CATALOGACIÓN |
| Centro catalogador/agencia de origen |
DO-SdBNP |
| Lengua de catalogación |
spa |
| Centro/agencia transcriptor |
BNPHU |
| Normas de descripción |
rda |
| 082 ## - NÚMERO DE LA CLASIFICACIÓN DECIMAL DEWEY |
| Número de clasificación |
F-RD 105 |
| Número de edición |
22 |
| Número de documento/Ítem |
R426a |
| 110 1# - ENTRADA PRINCIPAL--NOMBRE DE ENTIDAD CORPORATIVA |
| Nombre de entidad corporativa o nombre de jurisdicción como elemento de entrada |
República Dominicana. |
| Unidad subordinada |
Secretaría de Estado de Educación, Bellas Artes y Cultos |
| 9 (RLIN) |
23965 |
| 245 10 - MENCIÓN DE TÍTULO |
| Título |
Acercamiento al Himno Nacional Dominicano : |
| Resto del título |
sinopsis didáctica / |
| Mención de responsabilidad, etc. |
textos, diseño y realización Arístides Incháustegui, Blanco Delgado Malagón. |
| 264 ## - PRODUCCIÓN, PUBLICACIÓN, DISTRIBUCIÓN, FABRICACIÓN Y COPYRIGHT |
| Producción, publicación, distribución, fabricación y copyright |
Santo Domingo : |
| Nombre del de productor, editor, distribuidor, fabricante |
Banco de Reservas, |
| Fecha de producción, publicación, distribución, fabricación o copyright |
1996. |
| 300 ## - DESCRIPCIÓN FÍSICA |
| Extensión |
37 páginas. : |
| Otras características físicas |
ilustraciones facsímil., música ; |
| Dimensiones |
28 cm. |
| 336 ## - TIPO DE CONTENIDO |
| Fuente |
rdacontent |
| Término de tipo de contenido |
texto |
| Código de tipo de contenido |
txt |
| 337 ## - TIPO DE MEDIO |
| Fuente |
rdamedia |
| Nombre/término del tipo de medio |
sin mediación |
| Código del tipo de medio |
n |
| 338 ## - TIPO DE SOPORTE |
| Fuente |
rdacarrier |
| Nombre/término del tipo de soporte |
volumen |
| Código del tipo de soporte |
nc |
| 505 0# - NOTA DE CONTENIDO CON FORMATO |
| Información miscelánea |
Presentación / |
| Mención de responsabilidad |
José Andrés Aybar Sánchez -- |
| Información miscelánea |
Palabras / |
| Mención de responsabilidad |
Eligio Bisonó -- |
| Título |
Himno nacional -- |
| -- |
Texto oficial -- |
| -- |
Glosario mínimo -- |
| -- |
Lectura literal y comprensiva -- |
| -- |
Partitura oficial -- |
| -- |
Breves datos biográficos de los autores: |
| -- |
José Rufino Reyes Siancas -- |
| -- |
Emilio Prud´homme Maduro -- |
| Información miscelánea |
Bibliografía consultada -- |
| -- |
Anexo. |
| 590 ## - NOTA LOCAL (RLIN) |
| Nota local |
Inventariado, 2024/DG |
| 650 #4 - PUNTO DE ACCESO ADICIONAL DE MATERIA--TÉRMINO DE MATERIA |
| Término de materia o nombre geográfico como elemento de entrada |
Himnos patrióticos dominicanos |
| 9 (RLIN) |
2512 |
| 650 #4 - PUNTO DE ACCESO ADICIONAL DE MATERIA--TÉRMINO DE MATERIA |
| Término de materia o nombre geográfico como elemento de entrada |
Música nacional |
| 9 (RLIN) |
56450 |
| 650 #4 - PUNTO DE ACCESO ADICIONAL DE MATERIA--TÉRMINO DE MATERIA |
| Término de materia o nombre geográfico como elemento de entrada |
Nacionalismo en la música |
| 9 (RLIN) |
56451 |
| 700 1# - PUNTO DE ACCESO ADICIONAL--NOMBRE DE PERSONA |
| Nombre de persona |
Incháustegui Cabral, Héctor, |
| Fechas asociadas al nombre |
1912-1979 |
| 9 (RLIN) |
21024 |
| 700 1# - PUNTO DE ACCESO ADICIONAL--NOMBRE DE PERSONA |
| Nombre de persona |
Delgado Malagón, Blanca |
| 9 (RLIN) |
22928 |
| 710 2# - PUNTO DE ACCESO ADICIONAL--NOMBRE DE ENTIDAD CORPORATIVA |
| Nombre de entidad corporativa o nombre de jurisdicción como elemento de entrada |
Banco de Reservas de la República Dominicana |
| 9 (RLIN) |
6285 |
| 910 ## - DATOS DE OPCIÓN DEL USUARIO (OCLC) |
| Datos de opción del usuario |
Validado. Control de calidad EMS |
| 942 ## - ELEMENTOS DE PUNTO DE ACCESO ADICIONAL (KOHA) |
| Fuente del sistema de clasificación o colocación |
Dewey Decimal Classification |
| Tipo de ítem Koha |
Folleto |